[Event "HCL-E1550"]
[Site "www.playchess.de"]
[Date "2006.03.04"]
[Round "8"]
[White "baggur"]
[Black "ALUISIO"]
[WhiteElo "1631"]
[BlackElo "1645"]
[PlyCount "98"]
[Result "0-1"]

1.e4 {Hello}  c5 {Hello}  2.Nf3 Nc6 3.d4 cxd4 
4.Nxd4 Nf6 5.Nc3 d6 6.Bg5 e6 7.Qd2 Be7 8.O-O-O O-O 
9.f4 h6 10.Bxf6 Bxf6 11.Nf3 Be7 12.Kb1 a6 13.Be2 
b5 14.e5 dxe5 15.Nxe5 Nxe5 16.fxe5 Bb7 17.Bf3 Bxf3 
18.gxf3 Qxd2 19.Rxd2 Rfd8 20.Rhd1 Kf8 21.Ne4 Rxd2 
22.Rxd2 Rd8 23.Kc1 Ke8 24.Rxd8+ Kxd8 25.Kd2 f5 
26.exf6 gxf6 27.Ke3 Kd7 28.Kd4 Kc6 29.c3 e5+ 
30.Kd3 Kd5 31.Ng3 Bf8 32.Nf5 Ke6 33.Ke4 a5 34.a3 
a4 35.h3 h5 36.Ng3 Bh6 37.Kd3 h4 38.Ne4 f5 39.Nf2 
Kd5 40.Nd1 e4+ 41.fxe4+ fxe4+ 42.Ke2 Bc1 43.Kf2 
Kc4 44.Ne3+ Kb3 45.Nf5 Bxb2 46.Nxh4 Bxc3 47.Nf5 
Kxa3 48.h4 Kb2 49.h5 a3 0-1

[Event "HCL-A2397"]
[Site "www.playchess.de"]
[Date "2006.03.04"]
[Round "23"]
[White "Kinglord"]
[Black "kali"]
[WhiteElo "1426"]
[BlackElo "1338"]
[PlyCount "119"]
[Result "1-0"]

1.e4 e5 2.Nf3 Nc6 3.Bc4 Nf6 4.O-O Bc5 5.b4 Bxb4 
6.c3 Be7 7.Ng5 d5 8.exd5 Nxd5 9.Nxf7 Kxf7 10.Qf3+ 
Bf6 11.Bxd5+ Kf8 12.Ba3+ Ne7 13.Bxb7 Bxb7 14.Qxb7 
g6 15.Qf3 Kg7 16.Bxe7 Qxe7 17.Re1 Raf8 18.Qe4 Rf7 
19.d3 Rd8 20.Nd2 Qd6 21.Re3 Qd5 22.Qxd5 Rxd5 
23.Ne4 Rfd7 24.Nxf6 Kxf6 25.Rd1 c5 26.c4 R5d6 
27.Kf1 R6d4 28.Rde1 Re7 29.Rb1 Red7 30.Ke2 R4d6 
31.Rb5 Ra6 32.Rxc5 Rxa2+ 33.Kf3 Re7 34.Re2 Ra3 
35.Ke4 a5 36.Rc6+ Kf7 37.Ra6 Rd7 38.Rd2 Rd4+ 
39.Kxe5 Rdxd3 40.Rxd3 Rxd3 41.Rxa5 Rd2 42.c5 Rxf2 
43.c6 Rc2 44.Kd6 Rxg2 45.Rc5 Rd2+ 46.Ke5 Re2+ 
47.Kf4 Re8 48.Kg5 Rc8 49.Kh6 Kf6 50.Kxh7 g5 51.h3 
Kf7 52.Rf5+ Ke6 53.Rxg5 Kd6 54.Rg6+ Ke5 55.h4 Rc7+ 
56.Kg8 Kf5 57.h5 Rc8+ 58.Kf7 Rc7+ 59.Ke8 Ke5 
60.Kd8 1-0

[Event "HCL-E1529"]
[Site "www.playchess.de"]
[Date "2006.03.04"]
[Round "5"]
[White "gambitfan"]
[Black "kinghunter"]
[WhiteElo "1363"]
[BlackElo "1803"]
[PlyCount "59"]
[Result "0-1"]

1.e4 d6 2.d4 Nf6 3.Nc3 c6 4.f4 Qa5 5.Bd2 e5 6.dxe5 
dxe5 7.f5 Qb4 8.a3 Qxb2 9.Nf3 Qb6 10.Nxe5 Nxe4 
11.Nxe4 Qd4 12.Bc3 Qxe4+ 13.Qe2 Qxe2+ 14.Bxe2 Bxf5 
15.Bd3 Bxd3 16.cxd3 Bc5 17.Rf1 O-O 18.Ra2 f6 
19.Ng4 Nd7 20.a4 Rae8+ 21.Kd1 Re6 22.Re2 Rxe2 
23.Kxe2 Re8+ 24.Kd2 Kf7 25.h3 h5 26.Rf5 hxg4 
27.hxg4 Be3+ 28.Kd1 Bg5 29.d4 Nb6 
30.a5 0-1

[Event "HCL-M892"]
[Site "www.playchess.de"]
[Date "2006.03.05"]
[Round "10"]
[White "Johan_Matthys"]
[Black "bobp"]
[WhiteElo "1668"]
[BlackElo "1861"]
[PlyCount "44"]
[Result "0-1"]

1.d4 {Good luck}  d6 {Have a good game.}  2.g3 c6 
3.Nf3 Nf6 4.Bg2 h6 5.O-O Bg4 6.b3 Nbd7 7.Nbd2 e5 
8.Bb2 Be7 9.dxe5 dxe5 10.Nxe5 Nxe5 11.Bxe5 O-O 
12.c4 Qa5 13.Bf4 Rfd8 14.Qc2 Bxe2 15.Rfe1 Bd3 
16.Qd1 Bb4 17.Re5 Qa6 18.Qf3 Bc3 19.Rae1 Qxa2 
20.Ne4 Bxe5 21.Bxe5 Nxe4 22.Rxe4 
Qb1+ 0-1

[Event "HCL-A2540"]
[Site "www.playchess.de"]
[Date "2006.03.05"]
[Round "34"]
[White "padre"]
[Black "yannick"]
[WhiteElo "1373"]
[BlackElo "1627"]
[PlyCount "86"]
[Result "0-1"]

1.e4 d6 2.d4 Nf6 3.Nc3 g6 4.Nf3 Nc6 5.Bc4 Bg7 
6.O-O O-O 7.Re1 Bg4 8.Be3 e5 9.Bg5 Bxf3 10.Qxf3 
Nxd4 11.Qd3 c6 12.Rad1 b5 13.Bb3 Qe7 14.Ne2 Nxb3 
15.axb3 Rad8 16.Nc3 b4 17.Na2 c5 18.Bxf6 Bxf6 
19.Qd5 h6 20.Rd3 Qe6 21.Red1 Qxd5 22.R3xd5 Be7 
23.Nc1 f5 24.Ne2 fxe4 25.Ng3 Rf4 26.Re1 a5 27.Nxe4 
Kf7 28.f3 Ke6 29.Red1 Rff8 30.Kf2 h5 31.Ke2 g5 
32.h3 Rfe8 33.Ke3 h4 34.c4 Ref8 35.Ra1 Rda8 36.Ra4 
Ra7 37.Kf2 Rc8 38.Kg1 Rf8 39.Kf2 Rf7 40.Ke3 Ra6 
41.Ke2 Kf5 42.Ke3 Rf8 43.Ng3+ hxg3 0-1

[Event "ACL-A644"]
[Site "www.playchess.de"]
[Date "2006.03.05"]
[Round "10"]
[White "PrinceKheldar"]
[Black "BDG_Girl"]
[WhiteElo "1500"]
[BlackElo "1706"]
[PlyCount "70"]
[Result "0-1"]

1.d4 {Hello from Australia, GG and GL!}  Nf6 
{Hello and good luck!}  2.c4 e6 3.Nf3 c5 4.d5 d6 
5.Nc3 Be7 6.e4 O-O 7.Be2 exd5 8.exd5 Nbd7 9.O-O 
Nb6 10.Qc2 Bg4 11.b3 Re8 12.h3 Bh5 13.Re1 Nfd7 
14.Bf4 Nf8 15.Ne4 a5 16.Rab1 Qc7 17.Bd2 Nbd7 
18.Bc3 Bg6 19.Bd3 Bh5 20.Nfd2 Bh4 21.g3 Be7 22.f4 
Bg6 23.Kh1 b5 24.cxb5 Nb6 25.g4 f6 26.Nc4 Nxd5 
27.Qd2 Bf7 28.Bxa5 Qb8 29.Nexd6 Bxd6 {Happy New 
Year!}  30.Rxe8 Bxe8 31.Be4 Nxf4 32.Nxd6 Rxa5 
33.Qxf4 Bf7 34.a4 Ra7 35.Qh2 Be6 0-1

[Event "HCL-A2586"]
[Site "www.playchess.de"]
[Date "2006.03.05"]
[Round "12"]
[White "GCP"]
[Black "Felipe_Lungov"]
[WhiteElo "1446"]
[BlackElo "1274"]
[PlyCount "49"]
[Result "1-0"]

1.e4 {hello from Rome, have a good game}  e6 
{hello, from brazil; good luck for you too}  2.d4 
d5 3.Nc3 Bb4 4.a3 Bxc3+ 5.bxc3 Ne7 6.Bd3 O-O 7.Qh5 
h6 8.e5 Nf5 9.g4 Qh4 10.Ne2 {!!! I haven't 
calculated this move.}  Qxh5 {lucky me, bcuase i 
thought i was doomed!}  11.gxh5 Ne7 12.Rg1 Kh8 
13.Bf4 Rg8 14.Kd2 g5 15.hxg6 fxg6 16.Bxh6 Nbc6 
17.Bg5 Rf8 18.f4 Nf5 19.Ng3 b6 20.Rg2 Bb7 21.Rag1 
Kg8 22.Nxf5 exf5 23.Bh6 Kh7 24.Bxf8 Rxf8 
25.R2xg6 1-0

[Event "HCL-B3842"]
[Site "www.playchess.de"]
[Date "2006.03.05"]
[Round "1"]
[White "littleman"]
[Black "goach44"]
[WhiteElo "1200"]
[BlackElo "1300"]
[PlyCount "28"]
[Result "0-1"]

1.d4 d5 2.e3 Nc6 3.a3 e5 4.h3 Bd6 5.Ne2 Nf6 6.Ng3 
exd4 7.exd4 O-O 8.Be3 Re8 9.Be2 b6 10.O-O Bxg3 
11.fxg3 Rxe3 12.Bf3 Re8 13.Nc3 Bf5 14.g4 
Be6 0-1

[Event "HCL-T266"]
[Site "www.playchess.de"]
[Date "2006.03.05"]
[Round "13"]
[White "pruliere"]
[Black "daveboy6968"]
[WhiteElo "1830"]
[BlackElo "940"]
[PlyCount "41"]
[Result "1-0"]

1.e4 e6 2.d4 d5 3.Nc3 Bb4 4.e5 c5 5.a3 {hello from 
Nice}  Bxc3+ {:-_) hi from yateley in hampshire}  
6.bxc3 c4 7.Nf3 h6 8.Rb1 b6 9.a4 a5 10.Ba3 Bd7 
11.Bd6 Nc6 12.Be2 Ra6 13.O-O Nge7 14.Rb2 Nf5 
15.Ba3 f6 16.g4 Nfe7 17.exf6 gxf6 18.Nh4 Nc8 19.g5 
hxg5 20.Bh5+ Rxh5 21.Qxh5+ 1-0

[Event "HCL-M893"]
[Site "www.playchess.de"]
[Date "2006.03.05"]
[Round "1"]
[White "temple"]
[Black "BanzayFish"]
[WhiteElo "1731"]
[BlackElo "1889"]
[PlyCount "48"]
[Result "0-1"]

1.d4 {Hello again.}  Nf6 {Hi :P) gl}  2.c4 d5 3.e3 
e6 4.a3 Be7 5.Nc3 Nbd7 6.Nf3 O-O 7.Bd3 dxc4 8.Bxc4 
a6 9.O-O b5 10.Bd3 c5 11.b3 Bb7 12.Bb2 Bd6 13.dxc5 
Nxc5 14.Bc2 Qc7 15.h3 Rad8 16.Qe2 e5 17.e4 Ne6 
18.Rac1 Nd4 19.Nxd4 exd4 20.Nd1 Bh2+ 21.Kh1 Bf4 
22.Rb1 Rfe8 23.Bc1 Bxc1 24.Rxc1 
d3 0-1

[Event "HCL-M888"]
[Site "www.playchess.de"]
[Date "2006.03.05"]
[Round "11"]
[White "temple"]
[Black "richard"]
[WhiteElo "1731"]
[BlackElo "1842"]
[PlyCount "44"]
[Result "0-1"]

1.d4 {Hello again,gg,gl.}  f5 {one of us will 
probably demote in this power packed tournament}  
2.c4 {I was demoted before.}  Nf6 3.Nc3 g6 4.Nf3 
c6 5.e3 Bg7 6.Bd3 O-O 7.O-O d6 8.Qe2 Nbd7 9.b3 e5 
10.dxe5 dxe5 11.e4 Nc5 12.Rd1 Nxd3 13.Rxd3 Qa5 
14.Bb2 fxe4 15.Nxe4 Nxe4 16.Qxe4 Bf5 17.Qe1 Qxe1+ 
18.Nxe1 Bxd3 19.Nxd3 Rad8 20.Nc5 Rd2 21.Bc3 Rc2 
22.Ne4 Rf4 0-1

[Event "HCL-M894"]
[Site "www.playchess.de"]
[Date "2006.03.05"]
[Round "7"]
[White "Pillsbury"]
[Black "temple"]
[WhiteElo "2431"]
[BlackElo "1731"]
[PlyCount "39"]
[Result "1-0"]

1.e4 {Hi from germany, wiesbaden}  e5 {Hello from 
Calary,Alberta,Canada,gg,gl.}  2.Nf3 Nf6 3.Nxe5 
Qe7 4.Nf3 Qxe4+ 5.Be2 Bc5 6.d4 Bb6 7.O-O O-O 8.Nc3 
Qf5 9.Bd3 Qh5 10.Ne2 d5 11.Ng3 Qg4 12.h3 Qd7 
13.Bg5 Qd6 14.Qd2 c6 15.Rae1 Bc7 16.Ne5 Ne8 
17.Nxf7 Kxf7 18.Qe2 g6 19.Be7 Qd7 
20.Qf3+ 1-0

[Event "HCL-B3906"]
[Site "www.playchess.de"]
[Date "2006.03.05"]
[Round "10"]
[White "mattyboi"]
[Black "chessworm"]
[WhiteElo "864"]
[BlackElo "1758"]
[PlyCount "48"]
[Result "0-1"]

1.e4 c5 2.d4 cxd4 3.Qxd4 Nc6 4.Qd3 Nf6 5.Be3 Ne5 
6.Qb5 Qc7 7.f4 Nc6 8.Nc3 a6 9.Qc5 e5 10.fxe5 Qxe5 
11.Qb6 Nxe4 12.Nf3 Qe6 13.Rd1 Bb4 14.Rd3 Ba5 
15.Ng5 Nxg5 16.Qc5 Ne4 17.Qa3 Bb4 18.Qa4 Nc5 
19.Qxb4 Nxb4 20.g3 Ncxd3+ 21.Kd2 Nxb2 22.Bh3 Nc4+ 
23.Kd1 Qxe3 24.Ne4 Nb2+ 0-1

[Event "HCL-A2604"]
[Site "www.playchess.de"]
[Date "2006.03.05"]
[Round "10"]
[White "Sobral"]
[Black "RUDI"]
[WhiteElo "1438"]
[BlackElo "1234"]
[PlyCount "69"]
[Result "1-0"]

1.e4 e5 2.Nf3 Nc6 3.d4 exd4 4.Nxd4 Nxd4 5.Qxd4 d6 
6.Bc4 Qf6 7.Be3 Bd7 8.Bd5 c6 9.Bc4 c5 10.Qc3 Be7 
11.Qb3 Rb8 12.Bb5 Qe6 13.Nd2 Nf6 14.Bc4 d5 15.exd5 
Qd6 16.g3 O-O 17.Bf4 Qb6 18.Qxb6 axb6 19.Bxb8 Rxb8 
20.a4 Bf5 21.O-O-O Bd6 22.Rde1 Re8 23.f4 h6 
24.Rxe8+ Nxe8 25.h3 Nc7 26.g4 Bd7 27.b3 Bxf4 
28.Rf1 Bg5 29.Kd1 Be8 30.Ne4 Kf8 31.Nxg5 hxg5 
32.d6 Ne6 33.Bxe6 f6 34.Re1 g6 
35.Bc8 1-0

[Event "HCL-A2592"]
[Site "www.playchess.de"]
[Date "2006.03.05"]
[Round "6"]
[White "narayanan"]
[Black "torbalan"]
[WhiteElo "1700"]
[BlackElo "1279"]
[PlyCount "93"]
[Result "1-0"]

1.e4 d5 2.d3 dxe4 3.dxe4 Qxd1+ 4.Kxd1 a6 5.Nc3 h6 
6.Nf3 Bd7 7.Nd5 Kd8 8.Bf4 c6 9.Bc7+ Ke8 10.Nb6 Bg4 
11.Nxa8 Nd7 12.Be2 e6 13.h3 Bh5 14.Re1 Ngf6 15.e5 
Nd5 16.c4 Nxc7 17.Nxc7+ Kd8 18.Nxa6 bxa6 19.Nd4 
Bxe2+ 20.Rxe2 Kc7 21.Ke1 Bc5 22.Nb3 Bb4+ 23.Kf1 
Nb6 24.a3 Be7 25.c5 Na4 26.Rc1 Rb8 27.Rc4 Rxb3 
28.Rxa4 Bxc5 29.Rxa6 Bd4 30.Rc2 Rxb2 31.Raxc6+ Kb7 
32.R6c7+ Ka6 33.Re2 Rxe2 34.Kxe2 Bxe5 35.Rxf7 Ka5 
36.Kd3 Ka4 37.Ra7+ Kb5 38.a4+ Kb6 39.Re7 Ka5 
40.Ra7+ Kb6 41.Ra8 Bf6 42.Kc4 e5 43.a5+ Kb7 44.Re8 
Ka7 45.Kb5 Kb7 46.a6+ Ka7 47.Re6 1-0

[Event "HCL-B3854"]
[Site "www.playchess.de"]
[Date "2006.03.05"]
[Round "9"]
[White "arsenic"]
[Black "Mongol"]
[WhiteElo "1051"]
[BlackElo "1385"]
[PlyCount "56"]
[Result "0-1"]

1.e4 e5 2.Nf3 Nc6 3.Bb5 Bc5 4.O-O a6 5.Ba4 d5 
6.Nc3 d4 7.Ne2 Bg4 8.Ng3 b5 9.Bb3 d3 10.cxd3 Nd4 
11.h3 Bxf3 12.gxf3 Qf6 13.Kg2 Ne7 14.Nh5 Qg6+ 
15.Ng3 f5 16.Kh2 Rf8 17.exf5 Nexf5 18.Rg1 Nh4 
19.Ne4 Ndxf3+ 20.Kh1 Nxg1 21.Qxg1 Qf5 22.Qg3 Bxf2 
23.Nxf2 O-O-O 24.Ng4 Qf1+ 25.Qg1 Qf3+ 26.Kh2 Rxd3 
27.Be6+ Kb8 28.b3 Qxh3+ 0-1

[Event "HCL-E1553"]
[Site "www.playchess.de"]
[Date "2006.03.05"]
[Round "5"]
[White "yannick"]
[Black "aadje"]
[WhiteElo "1584"]
[BlackElo "1850"]
[PlyCount "96"]
[Result "0-1"]

1.b4 {hi,good tournament}  Nf6 {Hi, best of luck, 
greetings}  2.Bb2 e6 3.b5 d6 4.Bxf6 Qxf6 5.d4 c5 
6.Nf3 cxd4 7.Qxd4 Be7 8.e4 Qf4 9.Qe3 Qxe3+ 10.fxe3 
Nd7 11.Nbd2 O-O 12.Bd3 b6 13.O-O Bb7 14.Rad1 a6 
15.bxa6 Bxa6 16.Nc4 b5 17.Ncd2 b4 18.Bxa6 Rxa6 
19.Rda1 Rc8 20.Rfc1 Bf6 21.Nd4 e5 22.Nb5 Bg5 
23.Kf2 Nf6 24.Kf3 h5 25.c4 Ng4 26.Nf1 d5 27.exd5 
Rf6+ 28.Ke2 Rf2+ 29.Kd3 e4+ 30.Kxe4 f5+ 31.Kd3 
Ne5+ 32.Kd4 Bf6 33.c5 Nd7+ 34.Kd3 Nxc5+ 35.Kc4 
Nd7+ 36.Kb3 Rb2+ 37.Ka4 Ra8+ 38.Na7 Rxa7+ 39.Kb5 
Rxg2 40.Rc8+ Kf7 41.Ng3 Bxa1 42.Nxf5 Raxa2 43.Rc7 
Kf6 44.Nd6 Ke7 45.Nc4 b3 46.Rb7 b2 47.d6+ Ke6 
48.Kc6 Rc2 0-1

[Event "HCL-A2577"]
[Site "www.playchess.de"]
[Date "2006.03.05"]
[Round "5"]
[White "Silverov"]
[Black "Crusaders"]
[WhiteElo "1800"]
[BlackElo "1781"]
[PlyCount "32"]
[Result "1-0"]

1.d4 {Good luck!}  d5 {Hello and a very nice game 
!}  2.c4 c6 3.Nf3 Nf6 4.Nc3 e6 5.Bg5 Bd6 6.e4 dxe4 
7.Nxe4 Qa5+ 8.Bd2 Qd8 9.Nxd6+ Qxd6 10.Bd3 Nbd7 
11.O-O c5 12.Bc3 cxd4 13.Bxd4 b6 14.Re1 Bb7 15.Rc1 
O-O 16.Bxf6 Qc7 1-0

[Event "HCL-B3842"]
[Site "www.playchess.de"]
[Date "2006.03.05"]
[Round "10"]
[White "Menace"]
[Black "Bense"]
[WhiteElo "1200"]
[BlackElo "1097"]
[PlyCount "40"]
[Result "0-1"]

1.d4 f6 2.e4 d6 3.Bb5+ c6 4.Ba4 Qa5+ 5.Nc3 b5 
6.Bb3 b4 7.Na4 Bd7 8.c3 bxc3 9.d5 c5 10.Nxc3 g6 
11.Bd2 Na6 12.a3 Bh6 13.Nh3 Rb8 14.Ne2 Qb6 15.O-O 
Bxd2 16.Bc2 Bh6 17.f4 Bb5 18.a4 Bd7 19.Rb1 Nb4 
20.Bb3 c4+ 0-1

[Event "HCL-B3780"]
[Site "www.playchess.de"]
[Date "2006.03.05"]
[Round "9"]
[White "foinaven"]
[Black "karpova"]
[WhiteElo "1400"]
[BlackElo "1530"]
[PlyCount "91"]
[Result "1-0"]

1.d4 {Hi Karpova. Which city?}  g6 {the name 
karpova is a internal joke, i'm mike from 
Klagenfurt, Austria}  2.c4 {What is the flag - not 
Austria for sure}  Bg7 {no,no, the flag is 
ukraine, but a joke}  3.Nc3 {Where in Austria are 
you?}  c6 {from the south, klagenfurt}  4.Nf3 {I 
love Austria-I have climbed many mountains there.} 
 d5 {oh, i'm a climber too. where have you been in 
austria?}  5.cxd5 {Peaks climbed include: 
Zuckerhutl, Gross Venediger, Hochfeiler, Wilder 
Freiger, Dreiherrenspitze}  cxd5 {good so....}  
6.Bf4 {I would like a friend in Austria to climb 
with.}  Nc6 7.e3 Bg4 8.Be2 {I said I would like a 
friend to climb with in Austria!}  Qb6 {dear 
foinaven, in Austria we've about minus ten a meter 
of snow, and i'm a sun-sportclimber... and in 
spring we will get 2 second baby, so the 
rock(mountains) are very far, but chess is a good 
game, because i can play it while working....}  
9.b3 {Rock Climer rather than peaks?}  Qb4 
{http://members.easyline.at/1234/urlaub1.htm the 
guy without hair above the water, thats me, the 
rest is my family and friends....}  10.Qd2 {I see 
- a serious Rock athlete!}  e6 11.O-O Nge7 
{"serious" is a long time ago...but it still 
works}  12.Qd3 a6 13.Na4 O-O 14.a3 {Are you 
experiencing connection problems to this site?}  
Qa5 {to playchess.de? no problems}  15.Bd6 {You 
had a few days off?}  Qd8 {off? i workes in a 
climbing gym!}  16.Bc5 Re8 17.Nb6 Rb8 18.b4 Nc8 
19.Nxc8 Rxc8 20.b5 Nb8 21.a4 Bf5 22.Qb3 e5 23.dxe5 
Rxc5 24.bxa6 bxa6 25.Rac1 Rxc1 26.Rxc1 Bxe5 27.Rd1 
Be4 28.h4 Qc7 29.Ng5 Bc2 30.Qxd5 Bxd1 31.Bxd1 Rd8 
32.Qb3 a5 33.h5 Nc6 34.h6 Bf6 35.f4 Bxg5 36.fxg5 
Ne5 37.Qb1 Rd3 38.e4 Rd4 39.Bb3 Qb8 40.Bxf7+ Kxf7 
41.Qxb8 Rd1+ 42.Kf2 Rd2+ 43.Ke1 Nc4 44.Qc7+ Ke6 
45.Qxc4+ Ke5 46.Kxd2 1-0

[Event "HCL-E1566"]
[Site "www.playchess.de"]
[Date "2006.03.05"]
[Round "3"]
[White "thg007"]
[Black "Baldrick"]
[WhiteElo "1381"]
[BlackElo "1703"]
[PlyCount "36"]
[Result "0-1"]

1.e4 {Hi, Baldrick, nice meeting you. Greetings 
from Malaysia, I'm TH Gan. Let's have a good 
game.}  Nf6 {Hi! See my website for introduction.} 
 2.Nc3 {what's your website address?}  e5 
{http://www.baldrick.smartemail.co.uk
}  3.Nf3 {Thanks. Which part of England are you 
from? And which football team do you support?}  d6 
{I'm in Leyland, near Preston, in Lancashire which 
is NW England. I do not follow football......}  
4.Bc4 {I see - I thought almost everyone is a 
football fan in football-crazy Britain :-) The EPL 
has a big followings back here in Malaysia!!}  Be7 
{My wife is keen on Manchester United........}  
5.Ng5 {I'm a Liverpool fan ... :-) And very 
pleased to see the resurgence of LFC.}  O-O {My 
youngest and oldest stepsons are Liverpool 
fans.....}  6.d3 {Great :-) How many children do 
you have? - I've two - the elder boy is not 
interested in sports, my younger son is an Arsenal 
fan :-(}  Bg4 {All the info is at  
http://www.baldrick.smartemail.co.uk  :-])}  7.f3 
{Thanks - will visit your website when I've the 
time later ... cheers}  Bh5 {OK ~ Enjoy!}  8.Be3 
{:-)}  Nc6 9.g4 h6 10.Ne6 fxe6 11.Bxe6+ Bf7 
12.Bxf7+ Rxf7 13.Qe2 d5 14.exd5 Nxd5 15.Ne4 Nxe3 
16.Qxe3 Bh4+ 17.Nf2 Nd4 18.O-O-O 
Bg5 0-1

[Event "HCL-A2615"]
[Site "www.playchess.de"]
[Date "2006.03.05"]
[Round "8"]
[White "bossjos"]
[Black "pop3dan"]
[WhiteElo "1244"]
[BlackElo "1763"]
[PlyCount "40"]
[Result "1/2-1/2"]

1.e4 c5 2.Nf3 d6 3.d4 cxd4 4.Qxd4 Nc6 5.Bb5 Bd7 
6.Bxc6 Bxc6 7.Nc3 Nf6 8.Bg5 e6 9.O-O-O Be7 10.Rhe1 
O-O 11.Kb1 Qc7 12.Bxf6 Bxf6 13.Qxd6 Qb6 14.Qd3 
Rad8 15.Qe3 Qxe3 16.Rxe3 Bxc3 17.Rxd8 Rxd8 18.bxc3 
Rd1+ 19.Kb2 Rf1 20.Re2 f6 {(offering draw)} 
 1/2-1/2

[Event "HCL-M812"]
[Site "www.playchess.de"]
[Date "2006.03.05"]
[Round "10"]
[White "pcmvr"]
[Black "ipakris"]
[WhiteElo "2146"]
[BlackElo "2171"]
[PlyCount "134"]
[Result "1/2-1/2"]

1.b4 {Hello again, a nice game}  d5 {Hello to you, 
I hope for a good game !}  2.Bb2 Qd6 3.a3 e5 4.e3 
Nf6 5.Nf3 e4 6.Nd4 Be7 7.Be2 a5 8.bxa5 Rxa5 9.Bc3 
Ra8 10.O-O O-O 11.d3 c5 12.Nb5 Qc6 13.a4 Be6 
14.Nd2 Nbd7 15.Re1 Nb6 16.a5 Qxb5 17.dxe4 Qc6 
18.axb6 dxe4 19.Ba5 Rfd8 20.c4 Nd7 21.Qc2 f5 
22.Reb1 Bf6 23.Ra3 Ne5 24.Rbb3 Qd6 25.Bc3 Rxa3 
26.Rxa3 Nc6 27.Ra2 Nd4 28.Bxd4 cxd4 29.c5 d3 
30.cxd6 dxc2 31.Rxc2 Rxd6 32.Nc4 Rc6 33.Kf1 Bd8 
34.Rd2 Bxb6 35.Nxb6 Rxb6 36.f3 exf3 37.Bxf3 Rb4 
38.Rd8+ Kf7 39.Rb8 b6 40.Ke2 Kf6 41.Kd2 g5 42.Rh8 
Rb2+ 43.Kc3 Rb3+ 44.Kd4 Rb4+ 45.Kc3 Rc4+ 46.Kd2 
Rh4 47.Rb8 Rb4 48.Rh8 g4 49.Bc6 Rb2+ 50.Kc3 Rb3+ 
51.Kd4 Rb1 52.e4 Rb4+ 53.Ke3 Ke5 54.exf5 {Happy 
New Year.}  Bxf5 {Thanks, the same to you. A good 
chess year!}  55.Re8+ Kd6 56.Ba8 b5 57.Rd8+ Kc7 
58.Rf8 Bg6 59.Rf6 Rb2 60.Bd5 Be8 61.Kd4 h5 62.Rh6 
Rb1 63.Kc5 Rc1+ 64.Kb4 Rc2 65.Re6 Kd7 66.Rh6 Kc7 
67.Re6 Bf7 {(offering draw)}  1/2-1/2

[Event "HCL-C4192"]
[Site "www.playchess.de"]
[Date "2006.03.05"]
[Round "8"]
[White "Henri"]
[Black "Veltliner"]
[WhiteElo "716"]
[BlackElo "1184"]
[PlyCount "40"]
[Result "0-1"]

1.e4 {Bonjour et Bonne Partie}  e6 {hallo, wish 
you a good game!}  2.Nf3 d6 3.Bb5+ c6 4.Bc4 d5 
5.exd5 exd5 6.Bb3 Qe7+ 7.Qe2 Qxe2+ 8.Kxe2 Bg4 9.d3 
Bd6 10.Nc3 Nf6 11.Re1 O-O 12.Kf1 Bxf3 13.gxf3 Bxh2 
14.f4 Nh5 15.f5 Nd7 16.Kg2 Bd6 17.Be3 b6 18.d4 
Rfe8 19.Ne2 Re4 20.c3 Rg4+ 0-1

[Event "HCL-E1595"]
[Site "www.playchess.de"]
[Date "2006.03.05"]
[Round "21"]
[White "yannick"]
[Black "Widukind"]
[WhiteElo "1591"]
[BlackElo "1847"]
[PlyCount "64"]
[Result "0-1"]

1.e4 {hi,good tournament}  c5 {Hallo Yannick, bset 
wishes from Germany!}  2.Nf3 Nc6 3.d4 cxd4 4.Nxd4 
g6 5.Nc3 Bg7 6.Be3 Nf6 7.Nxc6 bxc6 8.e5 Ng8 9.f4 
d5 10.Qd4 Nh6 11.Qa4 Bd7 12.O-O-O O-O 13.Bc5 Re8 
14.Qa3 f6 15.exf6 exf6 16.Be2 a5 17.Rhe1 Ng4 18.h3 
Ne3 19.Bxe3 Rxe3 20.Qc5 Qe8 21.g4 f5 22.Rd2 fxg4 
23.f5 Bxf5 24.hxg4 Bxg4 25.Nxd5 cxd5 26.Qxd5+ Kh8 
27.Qc4 Rb8 28.Qxg4 Bxb2+ 29.Kd1 Bc3 30.Kc1 Rb1+ 
31.Kxb1 Qb8+ 32.Bb5 Qxb5+ 0-1

[Event "HCL-B3854"]
[Site "www.playchess.de"]
[Date "2006.03.05"]
[Round "2"]
[White "Mongol"]
[Black "Ivan_Lacerda"]
[WhiteElo "1385"]
[BlackElo "1203"]
[PlyCount "112"]
[Result "0-1"]

1.e4 c5 2.Nf3 a6 3.Bc4 e6 4.d4 cxd4 5.Qxd4 Nc6 
6.Qd1 b5 7.Bb3 Na5 8.Be3 Nxb3 9.axb3 Bb7 10.c4 b4 
11.c5 d6 12.Qc2 Rc8 13.O-O dxc5 14.Nbd2 Nf6 
15.Rad1 Qc7 16.Nc4 Bxe4 17.Qe2 Nd5 18.Bg5 Bxf3 
19.Qxf3 Be7 20.Rfe1 Bxg5 21.Rxd5 Bf6 22.Nd6+ Ke7 
23.Nxc8+ Rxc8 24.Qe3 Kf8 25.Rh5 h6 26.Rc1 Qd7 
27.h3 Bxb2 28.Rc2 Qd1+ 29.Kh2 Qxc2 30.Qf3 Qc3 
31.Qb7 Re8 32.Qc6 Qf6 33.Rxc5 Be5+ 34.Kg1 Bc3 
35.Qxa6 Bd4 36.Rc2 Qf5 37.Qd6+ Kg8 38.Re2 Bc5 
39.Qc6 Rd8 40.g4 Rd1+ 41.Kg2 Qd5+ 42.Qxd5 Rxd5 
43.h4 g5 44.h5 e5 45.Kf3 f6 46.Ra2 Rd3+ 47.Ke4 
Rxb3 48.Kd5 Ra3 49.Rc2 Bd4 50.Rc7 Ra7 51.Rc4 b3 
52.Rb4 b2 53.Ke6 Kg7 54.f3 Ra6+ 55.Kf5 Rb6 56.Ra4 
b1Q+ 0-1

[Event "HCL-C4215"]
[Site "www.playchess.de"]
[Date "2006.03.05"]
[Round "1"]
[White "simple"]
[Black "Skipper_Robert"]
[WhiteElo "767"]
[BlackElo "958"]
[PlyCount "75"]
[Result "1-0"]

1.e4 e5 2.Nf3 d6 3.Bc4 Nf6 4.Nc3 h6 5.d4 Bg4 6.O-O 
Be7 7.h3 Bxf3 8.Qxf3 a6 9.Qg3 g5 10.f3 Nc6 11.d5 
Nd4 12.Rf2 Qd7 13.Bd2 Nxc2 14.Rc1 Nb4 15.a3 a5 
16.Bb3 Nd3 17.Ba4 c6 18.dxc6 bxc6 19.Nd5 Nxc1 
20.Bxc1 Rc8 21.Nb6 Qc7 22.Nxc8 Qxc8 23.Rc2 O-O 
24.Bxc6 Bd8 25.Qe1 Bb6+ 26.Kh2 g4 27.Qh4 Kg7 
28.Qxh6+ Kg8 29.Qxf6 Qe6 30.Qg5+ Qg6 31.Qxg6+ fxg6 
32.hxg4 Kg7 33.Bd5 Rh8+ 34.Kg3 g5 35.Bxg5 Kg6 
36.f4 Be3 37.Rc6 Rd8 38.Bxd8 1-0

[Event "HCL-A2564"]
[Site "www.playchess.de"]
[Date "2006.03.05"]
[Round "33"]
[White "GCP"]
[Black "Andy1"]
[WhiteElo "1413"]
[BlackElo "1488"]
[PlyCount "50"]
[Result "0-1"]

1.e4 {hello again, have a good tournament}  d5 
2.exd5 Nf6 3.c4 c6 4.d4 cxd5 5.c5 Nc6 6.Bb5 Bd7 
7.Bxc6 bxc6 8.a3 g6 9.b4 Bg7 10.Bb2 O-O 11.Nd2 a5 
12.h3 Qc7 13.Ne2 axb4 14.axb4 Qb7 15.Qb3 Rxa1+ 
16.Bxa1 Ra8 17.O-O Ra7 18.Rb1 Qa8 19.Bc3 Bf5 
20.Rc1 Ra3 21.Qd1 Bh6 22.Ra1 Rxa1 23.Bxa1 Bxd2 
24.Bc3 Bxc3 25.Nxc3 Qa3 0-1

[Event "HCL-A2586"]
[Site "www.playchess.de"]
[Date "2006.03.05"]
[Round "11"]
[White "victorabiodun03"]
[Black "GCP"]
[WhiteElo "1357"]
[BlackElo "1446"]
[PlyCount "77"]
[Result "1/2-1/2"]

1.e4 {Hello Mate, Nice to see you!}  d6 {hi ... 
finally you can defeat me winning some points 
:))
}  2.d3 {Ha Ha}  Nc6 3.Nf3 g6 {is this the "Victor 
variation" against Pirc defense ?}  4.g3 {you have 
cleverly deceived me}  Bg4 {why ???}  5.Bg2 Bg7 
6.Nbd2 Qd7 7.c3 e5 8.Qb3 b6 {uhm ... an intrusive 
Queen !}  9.h3 Be6 10.Qa4 Nge7 11.Ng5 O-O {hi 
Victor, where do you live and which is your time 
zone ?}  12.Nxe6 Qxe6 13.O-O Nd8 14.Nf3 h6 15.d4 
Kh7 16.d5 Qc8 17.c4 c5 18.Bd2 f5 19.exf5 Nxf5 
20.b4 e4 21.Nh2 Bxa1 22.Rxa1 Nb7 23.Bxe4 Qe8 
24.Qxe8 Raxe8 25.Bxf5 Rxf5 26.bxc5 Nxc5 27.Ng4 h5 
28.Ne3 Rf7 29.Bb4 a5 30.Bxc5 bxc5 31.Kg2 g5 32.g4 
hxg4 33.hxg4 Kg6 34.Nf5 Rf6 35.Kf3 Rb8 36.Rh1 
Rxf5+ 37.gxf5+ Kxf5 38.Rh6 Rd8 39.Re6 {(offering 
draw) GOOD GAME}  1/2-1/2